[Event "4NCL Division 3 North"]
[Site "Doncaster, ENG"]
[Date "2021.11.21"]
[Round "2.11"]
[White "Rawlinson, Aidan M"]
[Black "Gawne, Martin"]
[Result "1-0"]
[WhiteElo "2215"]
[BlackElo "1812"]
[PlyCount "53"]
[EventDate "2021.11.21"]
[WhiteTeam "Manchester Manticores 2"]
[BlackTeam "Manchester Manticores 3"]

1. d4 d6 2. c4 e5 3. Nc3 Nd7 4. Nf3 Ngf6 5. g3 Be7 6. Bg2 O-O 7. O-O c6 8. e4
a6 9. a4 b6 10. h3 Qc7 11. Be3 Bb7 12. Qe2 Rfe8 13. Rfd1 Bf8 14. d5 cxd5 15.
cxd5 Rac8 16. Nd2 Nc5 17. Rab1 Ncd7 18. Rdc1 g6 19. g4 h6 20. Bf1 Nh7 21. f3
Kg7 22. Nc4 Be7 23. Bf2 Rf8 24. Na2 Qd8 25. Rc3 Nc5 26. Qc2 a5 27. b4 1-0

[Event "4NCL Division 3 North"]
[Site "Doncaster, ENG"]
[Date "2021.11.21"]
[Round "2.12"]
[White "Jayawarna, Thisumi"]
[Black "Lonsdale, Jon I"]
[Result "1/2-1/2"]
[WhiteElo "1687"]
[BlackElo "1923"]
[PlyCount "54"]
[EventDate "2021.11.21"]
[WhiteTeam "Manchester Manticores 3"]
[BlackTeam "Manchester Manticores 2"]

1. e4 c5 2. Nf3 Nc6 3. d4 cxd4 4. Nxd4 e5 5. Nb5 d6 6. c4 Be7 7. N1c3 a6 8. Na3
Be6 9. Nd5 Rc8 10. Nc2 Bg5 11. Be3 Bxe3 12. Ncxe3 Nf6 13. Bd3 Nd4 14. O-O O-O
15. f4 exf4 16. Rxf4 Nd7 17. b3 Nc6 18. Nf5 Bxf5 19. exf5 Nf6 20. Nxf6+ Qxf6
21. Rc1 Rfe8 22. Re4 Re5 23. Rxe5 dxe5 24. Be4 Rd8 25. Qe2 Qg5 26. Re1 f6 27.
Qe3 Qxe3+ 1/2-1/2

[Event "4NCL Division 3 North"]
[Site "Doncaster, ENG"]
[Date "2021.11.21"]
[Round "2.13"]
[White "Leah, Tom"]
[Black "Jayawarna, Tarini"]
[Result "1-0"]
[WhiteElo "1916"]
[BlackElo "1690"]
[PlyCount "75"]
[EventDate "2021.11.21"]
[WhiteTeam "Manchester Manticores 2"]
[BlackTeam "Manchester Manticores 3"]

1. d4 Nf6 2. c4 g6 3. Nc3 Bg7 4. e4 d6 5. f3 O-O 6. Nge2 a6 7. Be3 Nbd7 8. Qd2
c5 9. d5 Rb8 10. Ng3 Ne8 11. Be2 Ne5 12. O-O f5 13. h3 Qc7 14. Rae1 Bd7 15. a4
Qa5 16. f4 Nf7 17. Bd3 fxe4 18. Ngxe4 Nf6 19. Ng5 Nd8 20. f5 gxf5 21. Bxf5 Bxf5
22. Rxf5 h6 23. Ne6 Nxe6 24. dxe6 Kh7 25. Ref1 Qc7 26. Qd3 Kh8 27. Ne2 Qc6 28.
Nf4 Qe8 29. Bd2 Kg8 30. Bc3 Rc8 31. Qg3 Kh7 32. Nd5 Rc6 33. Bxf6 Bxf6 34. Nxf6+
Rxf6 35. Rxf6 exf6 36. Rxf6 Rc7 37. Qh4 Rg7 38. Rxh6+ 1-0

[Event "4NCL Division 3 North"]
[Site "Doncaster, ENG"]
[Date "2021.11.21"]
[Round "2.14"]
[White "Pollard, Matthew B"]
[Black "Tyton, Adam"]
[Result "1-0"]
[WhiteElo "1697"]
[BlackElo "1922"]
[PlyCount "42"]
[EventDate "2021.11.21"]
[WhiteTeam "Manchester Manticores 3"]
[BlackTeam "Manchester Manticores 2"]

1. e4 c6 2. d4 d5 3. e5 c5 4. dxc5 e6 5. Nf3 Bxc5 6. a3 a5 7. Bd3 Ne7 8. Bg5
Qb6 9. Qd2 Qxb2 10. Qc3 Qxc3+ 11. Nxc3 Bd7 12. O-O Bc6 13. a4 O-O 14. Nb5 Nd7
15. Rfe1 Ng6 16. c3 Bxb5 17. Bxb5 Nb6 18. Rad1 Rfc8 19. Be3 Bxe3 20. Rxe3 Nc4
21. Bxc4 Rxc4 1-0

[Event "4NCL Division 3 North"]
[Site "Doncaster, ENG"]
[Date "2021.11.21"]
[Round "2.15"]
[White "Taylor, Mark"]
[Black "Wilson, Jeff"]
[Result "1-0"]
[WhiteElo "1835"]
[BlackElo "1458"]
[PlyCount "38"]
[EventDate "2021.11.21"]
[WhiteTeam "Manchester Manticores 2"]
[BlackTeam "Manchester Manticores 3"]

1. e4 e5 2. Nf3 Nc6 3. d4 exd4 4. Bc4 h6 5. Nxd4 Nxd4 6. Qxd4 Qf6 7. Be3 d6 8.
Nc3 Qxd4 9. Bxd4 c6 10. a4 Be6 11. Bd3 Ne7 12. f4 d5 13. O-O f6 14. Rae1 Kd7
15. f5 Bf7 16. e5 fxe5 17. Bxe5 Re8 18. f6 gxf6 19. Rxf6 Bh5 1-0

[Event "4NCL Division 3 North"]
[Site "Doncaster, ENG"]
[Date "2021.11.21"]
[Round "2.21"]
[White "Chan, Sheng Liang Bernard"]
[Black "Carleton, John J"]
[Result "1/2-1/2"]
[WhiteElo "2069"]
[BlackElo "2209"]
[PlyCount "97"]
[EventDate "2021.11.21"]
[WhiteTeam "Chessable White Rose 3"]
[BlackTeam "Spirit of Atticus"]

1. d4 d5 2. c4 e6 3. Nf3 Nf6 4. Nc3 Bb4 5. Bg5 dxc4 6. e4 b5 7. Be2 Bb7 8. e5
h6 9. exf6 hxg5 10. fxg7 Rg8 11. O-O Bxc3 12. bxc3 Rxg7 13. Rb1 g4 14. Ne1 Qd5
15. Bxg4 Nc6 16. Bf3 Qg5 17. Qc1 Qxc1 18. Rxc1 O-O-O 19. Nc2 Ne7 20. Bxb7+ Kxb7
21. Ne3 Nd5 22. Nxd5 Rxd5 23. g3 c5 24. dxc5 Kc6 25. a4 a6 26. axb5+ axb5 27.
Ra1 Rd3 28. Ra3 Rg5 29. h4 Rf5 30. Kg2 Kxc5 31. f4 e5 32. Rf3 e4 33. Rf2 Rfd5
34. Re2 f5 35. h5 Rf3 36. Ra8 Rxc3 37. h6 Rd7 38. Rf8 Rh7 39. Rxf5+ Kb4 40.
Rxe4 Rxh6 41. Ree5 Rb6 42. g4 Ka4 43. Rf8 Rd6 44. Ra8+ Kb4 45. Ra2 Rdd3 46. g5
Rg3+ 47. Kh2 Rh3+ 48. Kg1 Rhg3+ 49. Kh2 1/2-1/2

[Event "4NCL Division 3 North"]
[Site "Doncaster, ENG"]
[Date "2021.11.21"]
[Round "2.22"]
[White "Crocker, Philip J"]
[Black "Edwards-Wright, Miles D"]
[Result "1-0"]
[WhiteElo "2085"]
[BlackElo "2080"]
[PlyCount "67"]
[EventDate "2021.11.21"]
[WhiteTeam "Spirit of Atticus"]
[BlackTeam "Chessable White Rose 3"]

1. d4 g6 2. e4 Bg7 3. Nc3 d6 4. Be3 a6 5. Nf3 b5 6. Bd3 Bb7 7. e5 e6 8. h4 h5
9. Qe2 Nc6 10. O-O-O Nb4 11. Bxb5+ Kf8 12. Ba4 Nh6 13. a3 Nc6 14. Bxc6 Bxc6 15.
d5 exd5 16. Nxd5 Nf5 17. Bg5 Qc8 18. Rhe1 Qb7 19. Nf6 Rb8 20. b3 Bh6 21. e6 Qb5
22. Bxh6+ Nxh6 23. Nd4 Qxe2 24. Rxe2 Be8 25. Rde1 c5 26. Nd7+ Kg7 27. Nxb8 cxd4
28. Nxa6 Ng4 29. Nc7 d3 30. cxd3 Ne5 31. Kd2 fxe6 32. Nxe6+ Kf6 33. Ng5 Bd7 34.
Ne4+ 1-0

[Event "4NCL Division 3 North"]
[Site "Doncaster, ENG"]
[Date "2021.11.21"]
[Round "2.23"]
[White "Jeje, Ayodeji"]
[Black "Ackley, Peter J E"]
[Result "1/2-1/2"]
[WhiteElo "2104"]
[BlackElo "2008"]
[PlyCount "84"]
[EventDate "2021.11.21"]
[WhiteTeam "Chessable White Rose 3"]
[BlackTeam "Spirit of Atticus"]

1. d4 d6 2. Nc3 g6 3. e4 Nf6 4. f3 c6 5. Be3 Nbd7 6. Qd2 b5 7. Bd3 Bb7 8. g4
Nb6 9. h4 h5 10. gxh5 Rxh5 11. Nce2 Qc7 12. Ng3 Rh7 13. N1e2 Bg7 14. O-O-O
O-O-O 15. Rh2 Rdh8 16. Rdh1 Bh6 17. Kb1 e5 18. dxe5 dxe5 19. Bxh6 Rxh6 20. Qg5
Nbd7 21. c3 Qd8 22. Qe3 Qb6 23. Qg5 Qd8 24. Qe3 Qb6 25. Qg5 Nh5 26. Bc2 Qd8 27.
Bb3 Nxg3 28. Qxd8+ Kxd8 29. Nxg3 Ke7 30. Kc1 Nf6 31. Kd2 Bc8 32. Ke3 Be6 33.
Bxe6 Kxe6 34. Kf2 Rd8 35. Ke2 Nh5 36. Nxh5 Rxh5 37. Ke3 Rdh8 38. Kf2 a5 39. Kg3
Rd8 40. Re1 Rdh8 41. Rd1 g5 42. Rdh1 gxh4+ 1/2-1/2

[Event "4NCL Division 3 North"]
[Site "Doncaster, ENG"]
[Date "2021.11.21"]
[Round "2.24"]
[White "Latham, David"]
[Black "Gibbs, Steve J"]
[Result "1-0"]
[WhiteElo "2083"]
[BlackElo "1758"]
[PlyCount "35"]
[EventDate "2021.11.21"]
[WhiteTeam "Spirit of Atticus"]
[BlackTeam "Chessable White Rose 3"]

1. Nf3 e6 2. d4 d5 3. c4 Nf6 4. Nc3 Be7 5. g3 O-O 6. Bg2 c6 7. O-O dxc4 8. Ne5
Nbd7 9. Nxc4 c5 10. dxc5 Bxc5 11. Qb3 Qe7 12. Be3 Bxe3 13. Nxe3 Nc5 14. Qa3 Qc7
15. Rac1 Qb6 16. Nc4 Qc7 17. Nb5 Qe7 18. Ne5 1-0

[Event "4NCL Division 3 North"]
[Site "Doncaster, ENG"]
[Date "2021.11.21"]
[Round "2.25"]
[White "Flint, Martina"]
[Black "Mort, Andrew J"]
[Result "1-0"]
[WhiteElo "1819"]
[BlackElo "1800"]
[PlyCount "59"]
[EventDate "2021.11.21"]
[WhiteTeam "Chessable White Rose 3"]
[BlackTeam "Spirit of Atticus"]

1. f4 c5 2. g3 g6 3. Nf3 Bg7 4. Bg2 Nc6 5. O-O Nf6 6. d3 d5 7. c3 O-O 8. Qc2
Qc7 9. e4 dxe4 10. dxe4 b6 11. Na3 Ba6 12. c4 Rad8 13. e5 Nb4 14. Qe2 Ne8 15.
Be3 Qc8 16. Nb5 Bxb5 17. cxb5 Nc7 18. a3 Nbd5 19. Bf2 Qd7 20. a4 Qc8 21. Rfd1
Nb4 22. Qc4 Ne6 23. a5 Rxd1+ 24. Rxd1 Rd8 25. Ra1 Nd3 26. axb6 axb6 27. Qc3
Nxf2 28. Kxf2 Nd4 29. Nxd4 Rxd4 30. Ra8 1-0

[Event "4NCL Division 3 North"]
[Site "Doncaster, ENG"]
[Date "2021.11.21"]
[Round "2.26"]
[White "Brown, Geoffrey D"]
[Black "Jones, Rupert"]
[Result "1-0"]
[WhiteElo "1718"]
[BlackElo "1778"]
[PlyCount "83"]
[EventDate "2021.11.21"]
[WhiteTeam "Spirit of Atticus"]
[BlackTeam "Chessable White Rose 3"]

1. e4 d5 2. exd5 Nf6 3. d4 Bg4 4. f3 Bf5 5. Bb5+ Nbd7 6. Nc3 a6 7. Ba4 b5 8.
Bb3 Nb6 9. g4 Bc8 10. Nge2 Nfxd5 11. Bg5 h6 12. Bf4 Nxf4 13. Nxf4 e6 14. Qd3
Qh4+ 15. Kf1 Qg5 16. Nh3 Qh4 17. Nf4 Qg5 18. Qe4 Bd6 19. Nfd5 Rb8 20. h4 Qd8
21. Nxb6 cxb6 22. Ke2 Bb7 23. Bd5 Bxd5 24. Nxd5 Kf8 25. Ne3 Qc7 26. g5 Bf4 27.
Rae1 Rc8 28. c3 a5 29. g6 f6 30. Kd1 b4 31. Qxe6 bxc3 32. bxc3 Re8 33. Qxe8+
Kxe8 34. Nd5+ Kd8 35. Nxc7 Bxc7 36. Re6 Re8 37. Rxe8+ Kxe8 38. Re1+ Kd7 39. h5
Bf4 40. c4 Bd6 41. Kc2 Bg3 42. Re2 1-0

[Event "4NCL Division 3 North"]
[Site "Doncaster, ENG"]
[Date "2021.11.21"]
[Round "2.31"]
[White "Nicholson, Jim W R"]
[Black "Colledge, Dave"]
[Result "1-0"]
[WhiteElo "1972"]
[BlackElo "1763"]
[PlyCount "25"]
[EventDate "2021.11.21"]
[WhiteTeam "Bradford DCA Knights A"]
[BlackTeam "Bradford DCA Knights B"]

1. d4 d5 2. Nf3 Nf6 3. e3 e6 4. Bd3 Be7 5. O-O O-O 6. b3 Nbd7 7. Bb2 c5 8. Nbd2
b6 9. Ne5 Bb7 10. Qf3 Qc7 11. Qh3 Bd6 12. Nxd7 Qxd7 13. dxc5 1-0

[Event "4NCL Division 3 North"]
[Site "Doncaster, ENG"]
[Date "2021.11.21"]
[Round "2.32"]
[White "Dean, Robert A"]
[Black "Wedge, David C"]
[Result "1-0"]
[WhiteElo "1717"]
[BlackElo "1893"]
[PlyCount "85"]
[EventDate "2021.11.21"]
[WhiteTeam "Bradford DCA Knights B"]
[BlackTeam "Bradford DCA Knights A"]

1. e4 g6 2. d4 Bg7 3. c3 d6 4. Bd3 a6 5. Nf3 Nf6 6. O-O O-O 7. Re1 Bg4 8. h3
Bxf3 9. Qxf3 e5 10. Bg5 h6 11. Bh4 Nbd7 12. Nd2 c6 13. Rad1 Qa5 14. Bb1 Rae8
15. Nc4 Qc7 16. dxe5 dxe5 17. Rd2 g5 18. Bg3 Re6 19. Red1 Nb6 20. Ne3 Nc8 21.
Nf5 Ne7 22. Nd4 Ng6 23. Nxe6 fxe6 24. Qd3 Nf4 25. Bxf4 exf4 26. Qd6 Qxd6 27.
Rxd6 Re8 28. c4 Kf7 29. e5 Ng8 30. Rd7+ Re7 31. Bh7 Rxd7 32. Rxd7+ Ne7 33. Bg8+
Kxg8 34. Rxe7 Bxe5 35. b3 Bd4 36. Rxe6 Kf7 37. Rd6 Bc3 38. Rd7+ Ke6 39. Rxb7 a5
40. Rh7 Bf6 41. Rxh6 Kf7 42. Kf1 Kg7 43. Rxf6 1-0

[Event "4NCL Division 3 North"]
[Site "Doncaster, ENG"]
[Date "2021.11.21"]
[Round "2.33"]
[White "McCarthy, Damian"]
[Black "Clarke, Paul R H"]
[Result "1-0"]
[WhiteElo "1855"]
[BlackElo "1688"]
[PlyCount "39"]
[EventDate "2021.11.21"]
[WhiteTeam "Bradford DCA Knights A"]
[BlackTeam "Bradford DCA Knights B"]

1. d4 d5 2. c4 c6 3. Nc3 Nf6 4. e3 a6 5. Qc2 g6 6. Bd3 dxc4 7. Bxc4 Bf5 8. Qb3
Qc7 9. Bxf7+ Kd8 10. Nf3 b5 11. Be6 Bxe6 12. Qxe6 Qd6 13. Qb3 e6 14. e4 Qd7 15.
O-O b4 16. Na4 Kc7 17. Bf4+ Kb7 18. Ng5 Nh5 19. Nxe6 Kc8 20. Nb6+ 1-0

[Event "4NCL Division 3 North"]
[Site "Doncaster, ENG"]
[Date "2021.11.21"]
[Round "2.34"]
[White "Grobler, David"]
[Black "Patrick, David A"]
[Result "0-1"]
[WhiteElo "1664"]
[BlackElo "1807"]
[PlyCount "80"]
[EventDate "2021.11.21"]
[WhiteTeam "Bradford DCA Knights B"]
[BlackTeam "Bradford DCA Knights A"]

1. e4 e6 2. d4 d5 3. e5 c5 4. c3 Nc6 5. Nf3 Bd7 6. Be2 Nge7 7. Na3 Ng6 8. Nc2
Be7 9. O-O O-O 10. Re1 Rc8 11. Be3 c4 12. Qd2 b5 13. a4 Na5 14. Qd1 Nb3 15. Ra2
bxa4 16. g3 f5 17. exf6 Bxf6 18. h4 Nh8 19. Kg2 Nf7 20. Rh1 a5 21. g4 Bc6 22.
g5 Be7 23. Qg1 Nd6 24. Kf1 Nf5 25. Ne5 Nxe3+ 26. Nxe3 Be8 27. Qg4 Qd6 28. Ke1
Rb8 29. Kd1 Qb6 30. Bf3 a3 31. Nxd5 exd5 32. Bxd5+ Kh8 33. h5 Nxd4 34. Ng6+
Bxg6 35. hxg6 Qxg6 36. Be4 Nf5 37. bxa3 Qxg5 38. Qxg5 Bxg5 39. f4 Bh6 40. Rah2
Ng3 0-1

[Event "4NCL Division 3 North"]
[Site "Doncaster, ENG"]
[Date "2021.11.21"]
[Round "2.35"]
[White "Johnson, Paul A"]
[Black "Connor, Michael I"]
[Result "1-0"]
[WhiteElo "1802"]
[BlackElo "1593"]
[PlyCount "101"]
[EventDate "2021.11.21"]
[WhiteTeam "Bradford DCA Knights A"]
[BlackTeam "Bradford DCA Knights B"]

1. d4 Nf6 2. c4 g6 3. Nc3 d5 4. cxd5 Nxd5 5. e4 Nxc3 6. bxc3 Bg7 7. Bc4 c5 8.
Ne2 O-O 9. O-O Nc6 10. Be3 cxd4 11. cxd4 Bg4 12. f3 Na5 13. Bd3 Be6 14. Qc2 Nc4
15. Bxc4 Bxc4 16. Rfd1 e6 17. Rab1 Qd7 18. Nc3 Rfd8 19. e5 Qc6 20. Qb2 Rd7 21.
Ne4 Rc7 22. Nd6 Ba6 23. Rdc1 Qd7 24. Qd2 f6 25. Qa5 Rc6 26. Rxc6 Qxc6 27. Rc1
Qb6 28. Qc3 Qd8 29. Qc7 Qxc7 30. Rxc7 fxe5 31. dxe5 Bxe5 32. Rd7 b5 33. Ne4 b4
34. Bd4 Bxd4+ 35. Rxd4 Rb8 36. Rd7 Rb7 37. Rd8+ Kg7 38. g4 Bc4 39. Nd6 Bxa2 40.
Nxb7 b3 41. Rd2 Bb1 42. Rb2 Bc2 43. Na5 Bd1 44. Kf1 e5 45. Nxb3 e4 46. Nd2 exf3
47. Nxf3 a5 48. g5 a4 49. Rb7+ Kg8 50. Ra7 Bb3 51. Nd4 1-0

[Event "4NCL Division 3 North"]
[Site "Doncaster, ENG"]
[Date "2021.11.21"]
[Round "2.41"]
[White "Vleeshhouwer, Douglas"]
[Black "Sakic, Lorand"]
[Result "1-0"]
[WhiteElo "2097"]
[BlackElo "2013"]
[PlyCount "97"]
[EventDate "2021.11.21"]
[WhiteTeam "Hull & East Riding Tigers"]
[BlackTeam "Bolton"]

1. e4 e5 2. Nf3 Nc6 3. Bb5 a6 4. Bxc6 dxc6 5. O-O Be7 6. d3 Qd6 7. Be3 Bg4 8.
h3 Bh5 9. Nbd2 f6 10. Nc4 Qe6 11. Ng5 fxg5 12. Qxh5+ g6 13. Qg4 Qxg4 14. hxg4
Bf6 15. c3 O-O-O 16. Rad1 Nh6 17. f3 Nf7 18. d4 h6 19. g3 Rhe8 20. Kg2 Rd7 21.
dxe5 Nxe5 22. Nxe5 Bxe5 23. Rxd7 Kxd7 24. f4 gxf4 25. gxf4 Bg7 26. Rd1+ Kc8 27.
Kf3 b5 28. Rh1 Kd7 29. Bd4 Bf8 30. Rd1 Kc8 31. Bf6 c5 32. e5 c4 33. f5 gxf5 34.
gxf5 a5 35. e6 a4 36. a3 Bd6 37. Rg1 Rf8 38. Rg6 h5 39. Ke4 h4 40. Bxh4 Rh8 41.
Rg4 Rh5 42. Rg8+ Kb7 43. Bg3 Kc6 44. Bxd6 Kxd6 45. Rd8+ Ke7 46. Rd7+ Kf6 47.
Rf7+ Kg5 48. e7 Rh8 49. Rg7+ 1-0

[Event "4NCL Division 3 North"]
[Site "Doncaster, ENG"]
[Date "2021.11.21"]
[Round "2.42"]
[White "Scoular, Adam"]
[Black "Gardiner, Eric D"]
[Result "1/2-1/2"]
[WhiteElo "1882"]
[BlackElo "2069"]
[PlyCount "81"]
[EventDate "2021.11.21"]
[WhiteTeam "Bolton"]
[BlackTeam "Hull & East Riding Tigers"]

1. e4 e6 2. a3 d5 3. e5 c5 4. b4 b6 5. f4 Nh6 6. Nf3 Bb7 7. c3 Be7 8. Bd3 Nd7
9. Bc2 Nf5 10. Bxf5 exf5 11. d4 O-O 12. O-O Re8 13. Be3 c4 14. Nbd2 Nf8 15. g3
Ne6 16. h4 Bc6 17. Kf2 Qd7 18. a4 g6 19. Rh1 Kg7 20. h5 Rh8 21. h6+ Kf8 22. Nf1
Ke8 23. Ng5 Bxg5 24. fxg5 Kd8 25. Bf4 Qe7 26. Qd2 a5 27. b5 Bb7 28. Nh2 Bc8 29.
Nf3 Nxf4 30. gxf4 Be6 31. Kg3 Kc7 32. Rhd1 Rhd8 33. Qg2 Rac8 34. Nd2 Kb8 35.
Nf1 Ka7 36. Ne3 Rc7 37. Rdc1 Rcc8 38. Rcb1 Rc7 39. Qa2 Rcc8 40. Nc2 Kb7 41. Ne3
1/2-1/2

[Event "4NCL Division 3 North"]
[Site "Doncaster, ENG"]
[Date "2021.11.21"]
[Round "2.43"]
[White "Kilshaw, Joe"]
[Black "McElvenny, Damien"]
[Result "1-0"]
[WhiteElo "2046"]
[BlackElo "1878"]
[PlyCount "123"]
[EventDate "2021.11.21"]
[WhiteTeam "Hull & East Riding Tigers"]
[BlackTeam "Bolton"]

1. c4 c5 2. Nc3 Nf6 3. g3 g6 4. Bg2 Bg7 5. e4 d6 6. Nge2 e5 7. d3 Nc6 8. O-O
Be6 9. Nd5 O-O 10. h3 Qd7 11. Kh2 Nd4 12. Bh6 Bxd5 13. Bxg7 Kxg7 14. cxd5 Nxe2
15. Qxe2 Rae8 16. f4 exf4 17. gxf4 Nxd5 18. Qd2 Nb4 19. d4 Rd8 20. d5 f6 21. a3
Na6 22. Rad1 Nc7 23. b4 b6 24. Qb2 Rde8 25. bxc5 bxc5 26. Rfe1 Qa4 27. Kh1 Rb8
28. Qa1 Rf7 29. Qc1 Rb3 30. e5 fxe5 31. fxe5 dxe5 32. Rxe5 Qd7 33. d6 Rxh3+ 34.
Kg1 Na6 35. Re7 Qg4 36. Rxf7+ Kxf7 37. d7 Rg3 38. Rd2 Rxg2+ 39. Rxg2 Qxd7 40.
Qf1+ Kg7 41. Qxa6 Qd1+ 42. Kf2 Qd4+ 43. Ke1 Qc3+ 44. Ke2 Qb2+ 45. Kf3 Qc3+ 46.
Kf2 Qd4+ 47. Kg3 Qe3+ 48. Kh2 Qe5+ 49. Rg3 Qh5+ 50. Kg1 Qd1+ 51. Kf2 Qd4+ 52.
Re3 Qf4+ 53. Ke2 Qg4+ 54. Kd2 Qd4+ 55. Qd3 Qb2+ 56. Ke1 Qc1+ 57. Kf2 Qb2+ 58.
Kf1 Qf6+ 59. Rf3 Qa1+ 60. Kg2 Qa2+ 61. Kg3 Qe6 62. Qc3+ 1-0

[Event "4NCL Division 3 North"]
[Site "Doncaster, ENG"]
[Date "2021.11.21"]
[Round "2.44"]
[White "Doherty, Paul"]
[Black "Collinson, Mark I"]
[Result "0-1"]
[WhiteElo "1765"]
[BlackElo "2054"]
[PlyCount "29"]
[EventDate "2021.11.21"]
[WhiteTeam "Bolton"]
[BlackTeam "Hull & East Riding Tigers"]

1. d4 Nf6 2. c4 c5 3. d5 e6 4. Nc3 exd5 5. cxd5 d6 6. Qc2 g6 7. Bg5 Bg7 8. Nf3
O-O 9. e3 Qa5 10. Bc4 b5 11. Bxf6 Bxf6 12. Be2 b4 13. Nd1 Ba6 14. Kf1 b3 15.
Qxb3 0-1

[Event "4NCL Division 3 North"]
[Site "Doncaster, ENG"]
[Date "2021.11.21"]
[Round "2.45"]
[White "Thompson, Keith"]
[Black "Boulden, David"]
[Result "1-0"]
[WhiteElo "1919"]
[BlackElo "1735"]
[PlyCount "157"]
[EventDate "2021.11.21"]
[WhiteTeam "Hull & East Riding Tigers"]
[BlackTeam "Bolton"]

1. e4 c5 2. Nf3 Nc6 3. Bb5 e6 4. Bxc6 bxc6 5. b3 Nf6 6. e5 Nd5 7. O-O Be7 8. d3
f6 9. c4 Nc7 10. Bb2 O-O 11. Qe2 fxe5 12. Bxe5 d6 13. Bb2 Bf6 14. Nc3 e5 15.
Ne4 Bg4 16. h3 Bh5 17. Qe3 Ne6 18. Nfd2 Nf4 19. Rae1 Bg5 20. Kh1 Nxg2 21. Qxg5
Qxg5 22. Nxg5 Nxe1 23. Rxe1 Rxf2 24. Nge4 Bf3+ 25. Nxf3 Rxb2 26. Nxd6 Rf8 27.
Nxe5 Rff2 28. Ng4 Rf3 29. Re8+ Rf8 30. Rxf8+ Kxf8 31. Ne4 Rxa2 32. Nxc5 Ke7 33.
Ne3 g6 34. Ng4 Rb2 35. Kg1 Kd6 36. Ne4+ Ke6 37. d4 Kf5 38. Nc5 Rd2 39. Ne5 Rxd4
40. Nxc6 Rd2 41. Nxa7 Kf4 42. Nc6 Rd1+ 43. Kf2 Rd2+ 44. Ke1 Rh2 45. b4 Ke3 46.
Kd1 Rxh3 47. b5 Rh2 48. b6 Rb2 49. b7 h5 50. b8=Q Rxb8 51. Nxb8 Kd4 52. Ne6+
Kxc4 53. Ng5 Kd3 54. Nc6 Ke3 55. Ne5 Kf4 56. Nef3 Kg3 57. Ng1 Kg4 58. N1h3 Kg3
59. Ke2 Kh4 60. Ke3 Kg4 61. Ke4 h4 62. Ke3 Kg3 63. Ke2 Kg2 64. Ke1 Kg3 65. Kf1
Kg4 66. Kg2 Kf5 67. Kf3 Ke5 68. Kg4 Kf6 69. Kxh4 Kf5 70. Kg3 Ke5 71. Kg4 Kf6
72. Kf4 Kg7 73. Nf2 Kh6 74. Ng4+ Kh5 75. Nf6+ Kh6 76. Nfh7 Kg7 77. Ke5 Kg8 78.
Kf6 Kh8 79. Nf8 1-0

[Event "4NCL Division 3 North"]
[Site "Doncaster, ENG"]
[Date "2021.11.21"]
[Round "2.46"]
[White "Lamb, Ian"]
[Black "Varley, Joe"]
[Result "0-1"]
[WhiteElo "1681"]
[BlackElo "1935"]
[PlyCount "70"]
[EventDate "2021.11.21"]
[WhiteTeam "Bolton"]
[BlackTeam "Hull & East Riding Tigers"]

1. Nf3 Nf6 2. c4 g6 3. Nc3 Bg7 4. d4 d5 5. cxd5 Nxd5 6. e4 Nxc3 7. bxc3 c5 8.
Rb1 O-O 9. Be2 Qc7 10. O-O Rd8 11. e5 Nc6 12. Qa4 a6 13. Rd1 Be6 14. Be3 Rd7
15. Rb2 Rad8 16. Rbd2 h6 17. Ne1 Na5 18. f4 b5 19. Qc2 cxd4 20. cxd4 Bd5 21.
Bf3 Nc4 22. Rd3 Nxe3 23. Qxc7 Rxc7 24. Rxe3 Bxa2 25. Ra3 Bc4 26. Rxa6 Rcd7 27.
d5 Bxd5 28. Bxd5 Rxd5 29. Rxd5 Rxd5 30. Rb6 e6 31. Kf2 Bf8 32. Rb8 Kg7 33. Kg3
b4 34. Nc2 Rd3+ 35. Kg4 h5+ 0-1